Most Expensive Sports Cards - Statistics

General Stats
  • This quiz has been taken 121 times
  • The average score is 19 of 32
Answer Stats
Athlete % Correct
LeBron James
96%
Michael Jordan
96%
Patrick Mahomes
96%
Steph Curry
93%
Tom Brady
91%
Luka Dončić
90%
Kobe Bryant
87%
Mickey Mantle
86%
Babe Ruth
84%
Giannis Antetokounmpo
83%
Justin Herbert
80%
Paul Skenes
80%
Joe Burrow
78%
Mike Trout
77%
Wayne Gretzky
67%
Honus Wagner
66%
Jackie Robinson
58%
Kevin Durant
57%
Wilt Chamberlain
52%
Lew Alcindor
50%
Lewis Hamilton
42%
Roberto Clemente
39%
Anthony Davis
37%
Ty Cobb
34%
Joe DiMaggio
30%
Pete Rose
30%
Reggie Jackson
28%
Joe Jackson
23%
Willie Mays
16%
Nolan Ryan
14%
Eddie Plank
2%
Sherry Magee
1%
No matching quizzes found
Score Distribution
Percent of People with Each Score
Percentile by Number Answered
Your Score History
You have not taken this quiz